000
00244nam a2200109Ia 4500
999
_c
9297
_d
9297
020
_a
978-93-325-4222-8
100
_a
Stephen P. Robbins
245
0
_a
Organizational Behavior
260
_a
New Delhi
_b
Addison
_c
2008
300
_a
183
942
_c
BK